000 02029cam a22002054a 4500
005 20250605163353.0
008 250528s ||||||||||||||||||||||||d
035 _a17786
020 _a9789603517276
040 _aGR-AtMCL
_bgre
_dGR-AtMCL
_eAACR2
245 1 _aΕμπορική Ναυτιλία και Θαλάσσιο Περιβάλλον / Β' 'Εκδοση
250 _a
260 _bΣταμούλης Α,
_c2007
300 _a698
520 _aΕισαγωγή, Η Συμβολή της Εμπορικής Ναυτιλίας στο Παγκόσμιο Εμπόριο, Προστασία του Θαλάσσιου Περιβάλλοντος και Ατυχηματική Ρύπανση, Προστασία του Θαλάσσιου Περιβάλλοντος και Λειτουργική Ρύπανση, Ανθρώπινος Παράγοντας και Ατυχηματική Ρύπανση, Προστασία του Θαλάσσιου Περιβάλλοντος και Ρύπανση από τις Θαλάσσιες Μεταφορές των Επικύνδινων Φορτίων, Η Πολιτική Καταπολέμησης της Θαλάσσιας Ρύπανσης και οι Αντίστοιχες Τεχνικές Μέθοδοι, Δίασωση και Ναυαγιαιρεσία, Η Πολιτική των Διεθνών Οργανισμών για το Θαλάσσιο Περιβάλλον, Ειδικά: Συμφωνίες που Αφορούν την Πρόληψη της Θαλάσσιας Ρύπανσης από Οποιαδήποτε Πηγή, Η Πολιτική της Προστασίας του Θαλάσσιου Περιβάλλοντος στην Ελλάδα και στην Ευρωπαϊκή Ένωση, Η Πολιτική των ΗΠΑ για το Θαλάσσιο Περιβάλλον: Oil Pollution Act (OPA '90), Επίλογος, Βιβλιογραφία - Αρθρογραφία.
700 1 _aΒλάχος Γ. Π
942 _cBK
999 _c3186
_d3186